[Event "Turin Piemonte op 9th"]
[Site "Turin"]
[Date "2009.09.19"]
[Round "2"]
[White "Malano, Francesco"]
[Black "Castaldo, Folco"]
[Result "0-1"]
[WhiteElo "1894"]
[BlackElo "2401"]
[PlyCount "142"]
[EventDate "2009.09.18"]
[EventType "swiss"]
[EventRounds "5"]
[EventCountry "ITA"]
[SourceTitle "EXT 2012"]
[Source "ChessBase"]
[SourceDate "2011.11.24"]
[SourceVersion "1"]
[SourceVersionDate "2011.11.24"]
[SourceQuality "1"]

1. f4 d5 2. e3 g6 3. Nf3 Bg7 4. Be2 Nf6 5. 0-0 0-0 6. d3 c5 7. Nbd2 Nc6 8. Ne5 Nxe5 9. fxe5 Nd7 10. d4 cxd4 11. exd4 Qb6 12. Nf3 Nxe5 13. Nxe5 Bxe5 14. c3 Bg7 15. Bf3 Be6 16. Qb3 Qc6 17. Bg5 f6 18. Bf4 Bf7 19. Rae1 Qd7 20. h3 Rae8 21. Bg4 e6 22. Qa3 Ra8 23. Rf2 Rfc8 24. Rfe2 Re8 25. Qd6 Qxd6 26. Bxd6 f5 27. Bf3 Rac8 28. h4 Bf6 29. g3 h6 30. Be5 Kg7 31. Bxf6+ Kxf6 32. g4 Red8 33. Kf2 Rc7 34. Re5 b5 35. Rg1 fxg4 36. Bxg4 Rd6 37. Ke3 a5 38. Rf1+ Kg7 39. a3 b4 40. axb4 axb4 41. Kd2 Rb6 42. Rfe1 bxc3+ 43. bxc3 Rb2+ 44. Kd3 Rb3 45. Rc1 Rc6 46. Re2 g5 47. h5 Bg8 48. Kd2 Rb2+ 49. Rc2 Rcb6 50. Ke3 Rb1 51. Ra2 R1b3 52. Ra7+ Rb7 53. Rxb7+ Rxb7 54. Kf2 Kf6 55. Kg3 Rb3 56. Re3 Rb1 57. Kf2 Rb6 58. Kg3 Bh7 59. Be2 Rb3 60. Bf3 Bf5 61. Be2 Ra3 62. Bf3 Ra1 63. Re2 Rc1 64. Re3 g4 65. Be2 Kg5 66. Bb5 Rh1 67. Be8 Rh3+ 68. Kf2 Kf4 69. Rxh3 gxh3 70. Bg6 Bg4 71. Bf7 Bf3 0-1

[Event "Imperia op-A 51st"]
[Site "Imperia"]
[Date "2009.08.30"]
[Round "1"]
[White "Schaefer, Michael"]
[Black "Malano, Francesco"]
[Result "1-0"]
[WhiteElo "2157"]
[BlackElo "1900"]
[PlyCount "55"]
[EventDate "2009.08.30"]
[EventType "swiss"]
[EventRounds "9"]
[EventCountry "ITA"]
[SourceTitle "EXT 2011"]
[Source "ChessBase"]
[SourceDate "2010.11.26"]
[SourceVersion "1"]
[SourceVersionDate "2010.11.26"]
[SourceQuality "1"]

1. c4 e6 2. d4 d5 3. Nf3 c6 4. Nc3 dxc4 5. g3 b5 6. Bg2 Nf6 7. 0-0 Be7 8. Ne5 Nd5 9. a4 b4 10. Ne4 0-0 11. Nxc4 a5 12. Qc2 Nd7 13. Rd1 h6 14. Bf4 Nxf4 15. gxf4 Qc7 16. Ne5 Nxe5 17. fxe5 Rd8 18. Rac1 Bd7 19. Rd3 Rac8 20. Rg3 Be8 21. e3 Kh8 22. b3 Bd7 23. Qe2 Rg8 24. Qh5 Rcf8 25. Nf6 Bxf6 26. exf6 Kh7 27. Be4+ g6 28. Rh3 1-0

[Event "Pula op 23rd"]
[Site "Pula"]
[Date "2009.06.28"]
[Round "2"]
[White "Malano, Francesco"]
[Black "Feletar, Darko"]
[Result "0-1"]
[WhiteElo "1906"]
[BlackElo "2382"]
[PlyCount "106"]
[EventDate "2009.06.27"]
[EventType "swiss"]
[EventRounds "9"]
[EventCountry "CRO"]
[SourceTitle "CBM 131 Extra"]
[Source "ChessBase"]
[SourceDate "2009.09.03"]
[SourceVersion "2"]
[SourceVersionDate "2009.09.16"]
[SourceQuality "1"]

1. f4 c5 2. b3 Nf6 3. Bb2 d6 4. Nf3 g6 5. e4 Bg7 6. d3 0-0 7. g3 Nc6 8. Qe2 Qa5+ 9. Bc3 Qc7 10. a4 e5 11. fxe5 dxe5 12. Na3 Nd4 13. Qd1 Ng4 14. Bd2 f5 15. Bg2 fxe4 16. dxe4 Be6 17. 0-0 Rad8 18. Ng5 Bc8 19. c3 Nc6 20. Qe2 Nf6 21. Be3 b6 22. Bh3 Bxh3 23. Nxh3 h6 24. Kg2 Kh7 25. Bg1 Na5 26. Qc2 Qc6 27. Rae1 Qe6 28. c4 Nc6 29. Nb5 Nb4 30. Qe2 Rd3 31. Rf3 Rxf3 32. Qxf3 Nc2 33. Rd1 Nd4 34. Qd3 Ng4 35. Bxd4 cxd4 36. Nc7 Qc8 37. Nd5 Qc5 38. Re1 Qa3 39. Qc2 Kg8 40. Qd1 h5 41. Re2 Bh6 42. Ng1 Ne3+ 43. Nxe3 Bxe3 44. Nf3 Qe7 45. Re1 Kg7 46. Rf1 Qd6 47. Qd3 Rf6 48. Ne1 Qa3 49. Rxf6 Kxf6 50. h4 Qc1 51. Qe2 Qb1 52. Nd3 Qg1+ 53. Kh3 Qh1+ 0-1

[Event "ITA-ch qual"]
[Site "Saint Vincent"]
[Date "2008.07.25"]
[Round "7"]
[White "Innocenti, Luca"]
[Black "Malano, Francesco"]
[Result "1-0"]
[WhiteElo "2071"]
[BlackElo "1898"]
[PlyCount "93"]
[EventDate "2008.07.19"]
[EventType "swiss"]
[EventRounds "9"]
[EventCountry "ITA"]
[SourceTitle "EXT 2009"]
[Source "ChessBase"]
[SourceDate "2008.11.26"]
[SourceVersion "1"]
[SourceVersionDate "2008.11.26"]
[SourceQuality "1"]

1. c4 Nf6 2. Nc3 e6 3. e4 d5 4. e5 d4 5. exf6 dxc3 6. bxc3 Qxf6 7. d4 Be7 8. Nf3 h6 9. Bd3 0-0 10. 0-0 Nd7 11. Re1 Re8 12. Ne5 Bf8 13. Ng4 Qd8 14. Qe2 Nf6 15. Ne5 c5 16. Be3 b6 17. Rad1 cxd4 18. cxd4 Bb7 19. f3 Rc8 20. Bb1 Qe7 21. g4 Nd7 22. Qd3 g6 23. Bf2 Nxe5 24. Rxe5 Bg7 25. Ree1 Ba6 26. Rc1 Red8 27. h4 Qf6 28. Kg2 Bb7 29. h5 g5 30. Qh7+ Kf8 31. Be4 Rd7 32. Bxb7 Rxb7 33. Bg3 Qxd4 34. Red1 Qf6 35. Bd6+ Re7 36. Qd3 Kg8 37. Bxe7 Qxe7 38. Qd7 Rc7 39. Qxe7 Rxe7 40. Rd8+ Kh7 41. Rcd1 a5 42. R1d7 Bf6 43. Rxe7 Bxe7 44. Rd7 Bc5 45. Rxf7+ Kg8 46. Rd7 Bf8 47. Kf1 1-0

[Event "Piemonte-ch"]
[Site "Turin"]
[Date "2008.04.24"]
[Round "5"]
[White "Malano, Francesco"]
[Black "Medaglia, Enzo"]
[Result "0-1"]
[WhiteElo "1939"]
[BlackElo "1820"]
[PlyCount "77"]
[EventDate "2008.04.20"]
[EventType "swiss"]
[EventRounds "9"]
[EventCountry "ITA"]
[SourceTitle "EXT 2011"]
[Source "ChessBase"]
[SourceDate "2010.11.26"]
[SourceVersion "1"]
[SourceVersionDate "2010.11.26"]
[SourceQuality "1"]

1. Nf3 Nf6 2. g3 g6 3. b3 Bg7 4. Bb2 0-0 5. Bg2 d5 6. d4 Nbd7 7. 0-0 Ne4 8. c4 c6 9. e3 f5 10. Nc3 e6 11. Ne5 Nxe5 12. Nxe4 Nxc4 13. bxc4 fxe4 14. Qb3 Kh8 15. a4 h5 16. a5 Rf7 17. Bc3 Bf6 18. f4 Rb8 19. c5 Rh7 20. h3 Bd7 21. Rfb1 g5 22. a6 Bc8 23. Ra4 b5 24. cxb6 axb6 25. Ba5 Bxa6 26. Bxb6 Qc8 27. Rb4 Bb5 28. Bc5 gxf4 29. Bd6 f3 30. Bf1 Rbb7 31. Bxb5 cxb5 32. Rxb5 Rxb5 33. Qxb5 Rg7 34. Qa4 Rg8 35. Kf2 e5 36. Rh1 exd4 37. exd4 Qc3 38. Rd1 Qb2+ 39. Ke3 0-1

[Event "Piemonte-ch"]
[Site "Turin"]
[Date "2008.04.23"]
[Round "4"]
[White "Torrione, William"]
[Black "Malano, Francesco"]
[Result "1-0"]
[WhiteElo "1935"]
[BlackElo "1939"]
[PlyCount "97"]
[EventDate "2008.04.20"]
[EventType "swiss"]
[EventRounds "9"]
[EventCountry "ITA"]
[SourceTitle "EXT 2011"]
[Source "ChessBase"]
[SourceDate "2010.11.26"]
[SourceVersion "1"]
[SourceVersionDate "2010.11.26"]
[SourceQuality "1"]

1. d4 Nf6 2. c4 e6 3. g3 d5 4. Bg2 dxc4 5. Nf3 Nbd7 6. Nbd2 Nb6 7. 0-0 c5 8. Nxc4 Nxc4 9. Qa4+ Bd7 10. Qxc4 b5 11. Qd3 c4 12. Qc2 Bc6 13. Bg5 Be7 14. Bxf6 Bxf6 15. e3 Rc8 16. a4 b4 17. Qxc4 a5 18. Rfc1 Bd7 19. Qb3 0-0 20. Nd2 Qb6 21. Nc4 Qa6 22. Qd3 Rc7 23. b3 Rfc8 24. f4 g6 25. Kf2 Be8 26. Ke2 h5 27. Kd2 Bc6 28. Bxc6 Qxc6 29. Qf1 Qe4 30. Qh1 Qf5 31. Qf3 e5 32. e4 Qd7 33. d5 exf4 34. e5 Rxc4 35. Rxc4 Rxc4 36. bxc4 Bxe5 37. Ra2 fxg3 38. hxg3 Qh3 39. Ke3 Qxg3 40. Qxg3 Bxg3 41. c5 Kf8 42. Kd4 f6 43. Re2 Be5+ 44. Kc4 Ke7 45. d6+ Kd8 46. Kd5 b3 47. c6 b2 48. c7+ Kd7 49. Rc2 1-0

[Event "Turin FreeTUR op"]
[Site "Turin"]
[Date "2007.12.04"]
[Round "5"]
[White "Malano, Francesco"]
[Black "Abbura, Davide"]
[Result "1-0"]
[WhiteElo "1967"]
[BlackElo "1697"]
[PlyCount "119"]
[EventDate "2007.11.06"]
[EventType "swiss"]
[EventRounds "6"]
[EventCountry "ITA"]
[SourceTitle "EXT 2010"]
[Source "ChessBase"]
[SourceDate "2010.11.25"]
[SourceVersion "1"]
[SourceVersionDate "2010.11.25"]
[SourceQuality "1"]

1. Nf3 e6 2. g3 Nf6 3. Bg2 g6 4. b3 Bg7 5. Bb2 0-0 6. 0-0 d5 7. d4 Nbd7 8. c4 c6 9. Nc3 Re8 10. Rc1 b6 11. Qc2 Bb7 12. cxd5 exd5 13. e3 Rc8 14. Rfd1 Nf8 15. Qd3 Ne6 16. Ne5 Nd7 17. Nf3 Nf6 18. Na4 Ne4 19. Nd2 Nxd2 20. Rxd2 Ng5 21. h4 Ne4 22. Rdc2 Qd6 23. Rd1 Nxg3 24. fxg3 Qxg3 25. e4 Qxd3 26. Rxd3 dxe4 27. Rd1 f5 28. Bc1 Rcd8 29. Be3 Rd6 30. Nc3 Red8 31. Rcd2 Ba6 32. Bf1 Bxf1 33. Kxf1 c5 34. dxc5 Rxd2 35. Rxd2 Rxd2 36. Bxd2 bxc5 37. Na4 Bd4 38. Ke2 Kf7 39. Be3 Ke6 40. Nxc5+ Bxc5 41. Bxc5 a6 42. Ke3 Ke5 43. Bf8 Kd5 44. Bg7 Kc5 45. a3 Kb5 46. Kd4 Kc6 47. Be5 Kb5 48. Bf4 Kc6 49. Ke5 Kc5 50. Be3+ Kc6 51. Ke6 Kc7 52. Kd5 Kd7 53. b4 Kc7 54. a4 Kb7 55. Kd6 Kc8 56. Kc6 Kd8 57. b5 axb5 58. axb5 Kc8 59. b6 f4 60. Bxf4 1-0

[Event "Turin FreeTUR op"]
[Site "Turin"]
[Date "2007.11.06"]
[Round "1"]
[White "Malano, Francesco"]
[Black "Gatti, Franco"]
[Result "1-0"]
[WhiteElo "1967"]
[BlackElo "1499"]
[PlyCount "33"]
[EventDate "2007.11.06"]
[EventType "swiss"]
[EventRounds "6"]
[EventCountry "ITA"]
[SourceTitle "EXT 2010"]
[Source "ChessBase"]
[SourceDate "2010.11.25"]
[SourceVersion "1"]
[SourceVersionDate "2010.11.25"]
[SourceQuality "1"]

1. Nf3 Nf6 2. g3 g6 3. b4 Bg7 4. Bb2 0-0 5. Bg2 d6 6. c4 c6 7. 0-0 Qb6 8. Qb3 Na6 9. a3 d5 10. d3 dxc4 11. Qxc4 Be6 12. Qh4 h6 13. Nbd2 g5 14. Nxg5 hxg5 15. Qxg5 Qb5 16. Qh4 Qh5 17. Bxf6 1-0

[Event "Nichelino op 8th"]
[Site "Nichelino"]
[Date "2007.10.06"]
[Round "3"]
[White "Malano, Francesco"]
[Black "Marguati, Massimiano"]
[Result "0-1"]
[WhiteElo "1967"]
[BlackElo "1966"]
[PlyCount "86"]
[EventDate "2007.10.04"]
[EventType "swiss"]
[EventRounds "6"]
[EventCountry "ITA"]
[SourceTitle "EXT 2010"]
[Source "ChessBase"]
[SourceDate "2010.11.25"]
[SourceVersion "1"]
[SourceVersionDate "2010.11.25"]
[SourceQuality "1"]

1. c4 e6 2. g3 Nf6 3. Bg2 Be7 4. Nf3 0-0 5. 0-0 d5 6. b3 b6 7. Bb2 Bb7 8. d4 Ne4 9. e3 Bf6 10. Nbd2 Nxd2 11. Qxd2 Qe7 12. Rfe1 Na6 13. Rac1 c5 14. cxd5 exd5 15. Bf1 Rac8 16. Bd3 c4 17. bxc4 dxc4 18. Be2 b5 19. Qa5 Qb4 20. Bc3 Qxa5 21. Bxa5 Be7 22. a4 Bb4 23. Bxb4 Nxb4 24. Ne5 Nd3 25. Bxd3 cxd3 26. Nxd3 bxa4 27. Nc5 Bd5 28. Nxa4 Rb8 29. Rc7 a6 30. Nc5 Rb2 31. Nxa6 Ra8 32. e4 Be6 33. Rec1 g6 34. R7c6 Bh3 35. d5 Re2 36. f3 Rg2+ 37. Kh1 Rf2 38. Rf6 Kg7 39. e5 Re8 40. Rfc6 Ra8 41. f4 Ra2 42. Nb4 Rd2 43. R6c5 Rb8 0-1